| 000 | 00437nam a22001577a 4500 | ||
|---|---|---|---|
| 999 |
_c12142 _d12142 |
||
| 008 | 210121b ||||| |||| 00| 0 eng d | ||
| 082 | 0 | 0 |
_a623.8886 _bR2886 |
| 100 |
_9642 _aReanney, Edward Webster |
||
| 245 | 1 | 0 |
_aFire fighting on ships _cBy Edward Webster Reanney |
| 250 | _a4th ed. | ||
| 260 |
_aGlasgow _bFerguson _c1969 |
||
| 300 | _axi,168 p. | ||
| 365 | _d20.70 | ||
| 650 | 0 | _aShips-- Fires and Fire Prevention | |
| 942 | _cBK | ||